| 000 | 00932nam a2200265 i 4500 | ||
|---|---|---|---|
| 001 | 124458 | ||
| 003 | ES-MaACL | ||
| 007 | t| | ||
| 008 | 070327s1931 sp ||||1| spa d | ||
| 080 | _a(=1:66/69-81) | ||
| 100 | 1 |
_aDelafosse, Maurice, _d1870-1926 _eaut _943289 |
|
| 245 | 1 | 4 |
_aLos negros / _cMaurice Delafosse ; traducción de Joaquín Gallardo |
| 260 |
_aBarcelona : _bLabor, _c1931 |
||
| 300 |
_a97 páginas, LIX hojas de láminas : _c17 cm |
||
| 490 | 1 |
_aBiblioteca de iniciación cultural. _pGeografía _v52 _9192586 |
|
| 504 | _aBibliografía | ||
| 650 | 4 |
_aPersonas negras _9241497 |
|
| 650 | 4 |
_aPueblos indígenas- _zÁfrica subsahariana _9241498 |
|
| 700 | 1 |
_aGallardo, Joaquín _etrl _953483 |
|
| 830 | 0 | 0 |
_aBiblioteca de iniciación cultural. _pGeografía _v52 _9192586 |
| 852 |
_aES-MaACL _cDEPO2 _jE-2597 |
||
| 942 |
_2udc _cMONOGRAFIA _n0 |
||
| 999 |
_c124458 _d124458 |
||